000 00510nam a2200193 a 4500
001 1755670094716
003 YourLibrary
005 20250820114041.0
008 250820s1990##################000#0#eng##
020 _a9780521389969
082 0 4 _a523.80125
_bJAS
100 1 _aJaschek, Carlos,
_eauthor.
245 1 0 _aThe Classification of Stars :
260 _bCambridge University Press,
_c1990.
300 _a436 pages
650 0 _aScience.
942 _cENGLISH
040 _aYourLibrary
_beng
_cYourLibrary
999 _c583158
_d583158